000 00556nam a2200205 a 4500
001 13527
003 BD-JhCC
005 20240116130808.0
008 180809s2021 bg a|||| |||| 000 0 eng d
035 _a(BD-JhCC)13527
040 _aBD-JhCC
_dBD-JhCC
041 _a English
082 _a355
_bRIF 2021
100 _aRifat, Ahsan al
245 _aDefend Your ISSB:
_bPractical Workbook Towards Green card /
_cAhsan al-Rifat.
260 _aDhaka :
_bBangladesh Army;
_c2021.
300 _a300 p. :
_bill. ;
_c20 cm.
650 _aISSB
942 _2ddc
_cBK
_02
999 _c13527
_d13527